000
00259nam a2200109Ia 4500
008
220204s9999 xx 000 0 und d
082
_a
74(4)
_b
WEN
100
_a
Wentinck, Charles
245
0
_a
Art treasures of Europe
260
_a
Spectrum
_c
1978
942
_c
BK
999
_c
35903
_d
35903